Social psychology
Gardado en:
| Autor Principal: | |
|---|---|
| Formato: | Libro |
| Idioma: | inglés |
| Publicado: |
Australia:
2011
|
| Tags: |
Engadir etiqueta
Sen Etiquetas, Sexa o primeiro en etiquetar este rexistro!
|
MARC
| LEADER | 00000nam a22000007a 4500 | ||
|---|---|---|---|
| 008 | 201218b ||||| |||| 00| 0 eng d | ||
| 020 | |a : 978-0-8400-3270-6 | ||
| 100 | |a DELAMATER, John D. | ||
| 245 | |a Social psychology |c John D. Delamater and Daniel J. Myers | ||
| 250 | |b 7th ed.- | ||
| 260 | |b Australia: |c 2011 |h : Wadsworth |i 672445 |i 672446 |l HM1033 .D37 | ||
| 942 | |a lcc |c BK |e j o ifatola |f 18/12/2020 | ||
| 952 | |0 0 |1 0 |2 lcc |4 0 |6 HM1033 D37 |7 0 |9 778 |a HOL |b HOL |c GJ |d 2020-12-18 |l 0 |o HM1033 .D37 |p 2020-229993 |r 2020-12-18 00:00:00 |w 2020-12-18 |y BK | ||
| 952 | |0 0 |1 0 |2 lcc |4 0 |6 HM1033 D37 |7 0 |9 779 |a HOL |b HOL |c GJ |d 2020-12-18 |l 0 |o HM1033 .D37 |p 2020-229994 |r 2020-12-18 00:00:00 |w 2020-12-18 |y BK | ||
| 999 | |c 440 |d 440 | ||